[Event "Online Friendship U12"]
[Site "Tornelo INT"]
[Date "2020.11.21"]
[Round "6.4"]
[White "Kozusnikova, Daniela"]
[Black "Abramkina, Veranika"]
[Result "0-1"]
[WhiteElo "1389"]
[BlackElo "1210"]
[PlyCount "82"]
[EventDate "2020.11.21"]
[EventType "team-swiss"]
[EventRounds "7"]
[EventCountry "BLR"]
[SourceTitle "CBM 199 Extra"]
[Source "ChessBase"]
[SourceDate "2021.01.31"]
[SourceVersion "1"]
[SourceVersionDate "2021.01.31"]
[SourceQuality "1"]
[WhiteTeam "Czech Interchess Academy"]
[BlackTeam "Belarus Mogilev"]
[WhiteTeamCountry "CZE"]
[BlackTeamCountry "BLR"]

1. e4 Nf6 2. Nc3 d5 3. e5 Ne4 4. d4 Nxc3 5. bxc3 Bf5 6. Nf3 e6 7. Be2 c5 8. Rb1 Qc7 9. Bd3 Bxd3 10. cxd3 Nc6 11. Be3 cxd4 12. cxd4 Be7 13. 0-0 0-0 14. Qc2 Rfc8 15. Rfc1 Ba3 16. Re1 Nxd4 17. Nxd4 Qxc2 18. Nxc2 Rxc2 19. Rxb7 Rxa2 20. Reb1 h6 21. Rxa7 Rxa7 22. Bxa7 Bb2 23. Be3 Bxe5 24. d4 Bf6 25. Rb8+ Kh7 26. g3 Ra4 27. Rb7 Kg6 28. h4 Bxd4 29. Bxd4 Rxd4 30. Kg2 Rd3 31. Rd7 d4 32. Kf1 e5 33. Ke2 Ra3 34. g4 Ra2+ 35. Kf3 Kf6 36. Rd6+ Ke7 37. Rd5 f6 38. h5 Ra3+ 39. Ke4 Ke6 40. Rd8 Rc3 41. f3 Re3# 0-1

[Event "EU-ch Online U14 Girls"]
[Site "Tornelo INT"]
[Date "2020.09.20"]
[Round "9"]
[White "Zhou, Lepu Coco"]
[Black "Kozusnikova, Daniela"]
[Result "1-0"]
[WhiteElo "1728"]
[BlackElo "1278"]
[PlyCount "43"]
[EventDate "2020.09.18"]
[EventType "swiss (rapid)"]
[EventRounds "9"]
[EventCountry "NET"]
[SourceTitle "EXT 2023"]
[Source "ChessBase"]
[SourceDate "2022.10.05"]
[SourceVersion "1"]
[SourceVersionDate "2022.10.05"]
[SourceQuality "1"]
[WhiteTeam "Germany"]
[BlackTeam "Czech Republic"]
[WhiteTeamCountry "GER"]
[BlackTeamCountry "CZE"]

1. e4 e5 2. Nf3 Nf6 3. Nc3 Bb4 4. Bc4 Nc6 5. 0-0 0-0 6. a3 Ba5 7. b4 Bb6 8. Nd5 Bd4 9. Nxd4 Nxd4 10. c3 Nc6 11. d4 exd4 12. cxd4 Nxe4 13. Re1 Nf6 14. Bg5 Kh8 15. Nxf6 gxf6 16. Bh6 Rg8 17. Bxf7 d5 18. Bxg8 Qxg8 19. Qf3 Qg6 20. Re8+ Qxe8 21. Qxf6+ Kg8 22. Qg7# 1-0

[Event "EU-ch Online U14 Girls"]
[Site "Tornelo INT"]
[Date "2020.09.19"]
[Round "5"]
[White "Kozusnikova, Daniela"]
[Black "Lappi, Aurora"]
[Result "1-0"]
[WhiteElo "1278"]
[BlackElo "1180"]
[PlyCount "39"]
[EventDate "2020.09.18"]
[EventType "swiss (rapid)"]
[EventRounds "9"]
[EventCountry "NET"]
[SourceTitle "EXT 2023"]
[Source "ChessBase"]
[SourceDate "2022.10.05"]
[SourceVersion "1"]
[SourceVersionDate "2022.10.05"]
[SourceQuality "1"]
[WhiteTeam "Czech Republic"]
[BlackTeam "Finland"]
[WhiteTeamCountry "CZE"]
[BlackTeamCountry "FIN"]

1. e4 c5 2. Nf3 Nc6 3. c4 g6 4. d4 cxd4 5. Nxd4 e5 6. Nf3 d6 7. Nc3 Bg7 8. Nd5 Nge7 9. Bg5 0-0 10. Rc1 b6 11. Be2 Be6 12. 0-0 Qd7 13. Qc2 f6 14. Be3 Bxd5 15. cxd5 Na5 16. b4 Nb7 17. Qc7 Qa4 18. Qxe7 Rab8 19. Rc7 Qxa2 20. Qxg7# 1-0

[Event "EU-ch Online U14 Girls"]
[Site "Tornelo INT"]
[Date "2020.09.18"]
[Round "3"]
[White "Kozusnikova, Daniela"]
[Black "Radej, Pika"]
[Result "0-1"]
[WhiteElo "1278"]
[BlackElo "1148"]
[PlyCount "80"]
[EventDate "2020.09.18"]
[EventType "swiss (rapid)"]
[EventRounds "9"]
[EventCountry "NET"]
[SourceTitle "EXT 2023"]
[Source "ChessBase"]
[SourceDate "2022.10.05"]
[SourceVersion "1"]
[SourceVersionDate "2022.10.05"]
[SourceQuality "1"]
[WhiteTeam "Czech Republic"]
[BlackTeam "Slovenia"]
[WhiteTeamCountry "CZE"]
[BlackTeamCountry "SLO"]

1. e4 c5 2. Nf3 d6 3. c4 Nf6 4. Nc3 a6 5. d4 cxd4 6. Nxd4 Nc6 7. Bg5 e6 8. Be2 Be7 9. 0-0 0-0 10. Re1 h6 11. Bh4 Nxe4 12. Nxe4 Bxh4 13. Nxc6 bxc6 14. Nxd6 Bf6 15. Rb1 Rb8 16. b3 Bb7 17. Bf3 Qc7 18. Ne4 Be5 19. Qd2 Bxh2+ 20. Kh1 Bf4 21. Qc3 Be5 22. Qd3 Rfd8 23. Qe3 Bd4 24. Qe2 c5 25. Rbd1 a5 26. Ng3 Bxf3 27. Qxf3 Qb7 28. Qf4 Qb4 29. Ne2 e5 30. Qe4 a4 31. Rb1 axb3 32. Rxb3 Qxe1+ 33. Kh2 Rxb3 34. axb3 Qxf2 35. Ng3 Qf4 36. Qe2 Bf2 37. Kh1 Bxg3 38. Kg1 Qc1+ 39. Qf1 Rd1 40. Qxd1 Qxd1# 0-1

[Event "EU-ch Online U14 Girls"]
[Site "Tornelo INT"]
[Date "2020.09.18"]
[Round "1"]
[White "Siekanska, Maria"]
[Black "Kozusnikova, Daniela"]
[Result "1-0"]
[WhiteElo "1609"]
[BlackElo "1278"]
[PlyCount "63"]
[EventDate "2020.09.18"]
[EventType "swiss (rapid)"]
[EventRounds "9"]
[EventCountry "NET"]
[SourceTitle "EXT 2023"]
[Source "ChessBase"]
[SourceDate "2022.10.05"]
[SourceVersion "1"]
[SourceVersionDate "2022.10.05"]
[SourceQuality "1"]
[WhiteTeam "Poland"]
[BlackTeam "Czech Republic"]
[WhiteTeamCountry "POL"]
[BlackTeamCountry "CZE"]

1. d4 d5 2. c4 Nf6 3. cxd5 Nxd5 4. e4 Nf6 5. Nc3 Nc6 6. Be3 e6 7. Nf3 Bb4 8. Bd3 0-0 9. 0-0 Re8 10. e5 Nd5 11. Qc2 Nxe3 12. Bxh7+ Kh8 13. fxe3 g6 14. Bxg6 fxg6 15. Qxg6 Re7 16. Ng5 Rg7 17. Qh5+ Kg8 18. Nce4 Be7 19. Nf6+ Bxf6 20. exf6 Rd7 21. f7+ Kf8 22. Nxe6+ Ke7 23. Nxd8 Rxd8 24. Qc5+ Ke6 25. f8Q Rxf8 26. Qxf8 Kd5 27. Qc5+ Ke6 28. d5+ Ke5 29. dxc6+ Ke6 30. Rad1 bxc6 31. Qf5+ Ke7 32. Qf7# 1-0

[Event "Skalica Schaeffler op"]
[Site "Skalica"]
[Date "2020.08.29"]
[Round "8"]
[White "Kozusnik, Roman"]
[Black "Kozusnikova, Daniela"]
[Result "0-1"]
[WhiteElo "1382"]
[BlackElo "1278"]
[PlyCount "54"]
[EventDate "2020.08.23"]
[EventType "swiss"]
[EventRounds "9"]
[EventCountry "SVK"]
[SourceTitle "CBM 198 Extra"]
[Source "ChessBase"]
[SourceDate "2020.11.30"]
[SourceVersion "1"]
[SourceVersionDate "2020.11.30"]
[SourceQuality "1"]

1. e4 e5 2. Nf3 Nf6 3. Nc3 Bb4 4. Bc4 Nc6 5. a3 Ba5 6. b4 Bb6 7. Bb2 d6 8. h4 Ng4 9. 0-0 0-0 10. Nd5 Bd4 11. c3 Bb6 12. Nxb6 axb6 13. d4 exd4 14. cxd4 Re8 15. Re1 Kh8 16. Bxf7 Rf8 17. Bh5 Nf6 18. Ng5 Qe7 19. g4 Nxh5 20. gxh5 h6 21. Nf3 Bg4 22. Re3 Qf6 23. d5 Qxb2 24. dxc6 Bxf3 25. Rxf3 Rxf3 26. cxb7 Qxf2+ 27. Kh1 Rh3# 0-1

[Event "Skalica Schaeffler op"]
[Site "Skalica"]
[Date "2020.08.25"]
[Round "4"]
[White "Kozusnikova, Daniela"]
[Black "O'Gorman, Brian"]
[Result "0-1"]
[WhiteElo "1278"]
[BlackElo "1464"]
[PlyCount "90"]
[EventDate "2020.08.23"]
[EventType "swiss"]
[EventRounds "9"]
[EventCountry "SVK"]
[SourceTitle "CBM 198 Extra"]
[Source "ChessBase"]
[SourceDate "2020.11.30"]
[SourceVersion "1"]
[SourceVersionDate "2020.11.30"]
[SourceQuality "1"]

1. e4 c6 2. d4 d5 3. e5 Bf5 4. Nf3 e6 5. Be3 Ne7 6. Nc3 Nd7 7. Be2 h6 8. Qd2 b5 9. a3 g5 10. h3 a5 11. Bd3 Bxd3 12. Qxd3 Nf5 13. g4 Nxe3 14. Qxe3 Nb6 15. Qd3 b4 16. Ne2 Nc4 17. Qb3 a4 18. Qa2 bxa3 19. bxa3 Nxa3 20. Qb2 Nc4 21. Qc3 Qb8 22. 0-0 Be7 23. Rab1 Qc7 24. Rfd1 a3 25. Ra1 0-0 26. Nd2 Nb2 27. Rdb1 Rfb8 28. Nb3 Bb4 29. Qf3 Nc4 30. Qf6 Kh7 31. c3 Bf8 32. h4 Bg7 33. Qf3 gxh4 34. Qh3 Qe7 35. Nc5 Rxb1+ 36. Rxb1 a2 37. Ra1 Qa7 38. Qxh4 Rb8 39. Rxa2 Qxa2 40. Ng3 Rb2 41. Qh2 Nd2 42. Kg2 Nc4 43. Kg1 Ne3 44. g5 Qa1+ 45. Nf1 Qxf1# 0-1

[Event "Skalica Schaeffler op"]
[Site "Skalica"]
[Date "2020.08.24"]
[Round "3"]
[White "Rosol, Philip"]
[Black "Kozusnikova, Daniela"]
[Result "1-0"]
[WhiteElo "1468"]
[BlackElo "1278"]
[PlyCount "79"]
[EventDate "2020.08.23"]
[EventType "swiss"]
[EventRounds "9"]
[EventCountry "SVK"]
[SourceTitle "CBM 198 Extra"]
[Source "ChessBase"]
[SourceDate "2020.11.30"]
[SourceVersion "1"]
[SourceVersionDate "2020.11.30"]
[SourceQuality "1"]

1. d4 d5 2. Bf4 Nf6 3. e3 Nc6 4. c3 Bf5 5. Bd3 Bg6 6. Nf3 e6 7. 0-0 Bd6 8. Bg3 0-0 9. Bxg6 fxg6 10. Nbd2 Qe7 11. Qb3 Rab8 12. Rfe1 Kh8 13. e4 dxe4 14. Nxe4 Nd8 15. Nxd6 cxd6 16. Ng5 Re8 17. Qb4 Nc6 18. Qxd6 Qxd6 19. Bxd6 Rbd8 20. Nf7+ Kg8 21. Nxd8 Rxd8 22. Bg3 Re8 23. Rad1 Nd5 24. Bd6 h6 25. c4 Nb6 26. b3 Nd8 27. Bc7 Nf7 28. f4 Kh7 29. d5 e5 30. fxe5 Rc8 31. Bxb6 axb6 32. d6 Rd8 33. e6 Nxd6 34. e7 Re8 35. Rxd6 Kg8 36. Rd8 Rxd8 37. exd8Q+ Kh7 38. Re8 g5 39. Qd3+ g6 40. Qd7# 1-0

[Event "Skalica Schaeffler op"]
[Site "Skalica"]
[Date "2020.08.23"]
[Round "1"]
[White "Benci, Rudolf"]
[Black "Kozusnikova, Daniela"]
[Result "1-0"]
[WhiteElo "1638"]
[BlackElo "1278"]
[PlyCount "71"]
[EventDate "2020.08.23"]
[EventType "swiss"]
[EventRounds "9"]
[EventCountry "SVK"]
[SourceTitle "CBM 198 Extra"]
[Source "ChessBase"]
[SourceDate "2020.11.30"]
[SourceVersion "1"]
[SourceVersionDate "2020.11.30"]
[SourceQuality "1"]

1. d4 d5 2. Bf4 Nf6 3. e3 Nc6 4. Bd3 e6 5. c3 Bd6 6. Bg5 e5 7. dxe5 Nxe5 8. Bc2 Be7 9. Nf3 Nc6 10. Nbd2 Bg4 11. h3 Bh5 12. 0-0 h6 13. Bf4 g5 14. Bg3 g4 15. hxg4 Bxg4 16. Qb1 Qd7 17. b4 a6 18. a4 h5 19. b5 Na7 20. Ne5 Qe6 21. Ndf3 Bxf3 22. Nxf3 Bd6 23. Nd4 Qg4 24. Bf5 Qg7 25. Bxd6 cxd6 26. bxa6 Rg8 27. Bh3 Rd8 28. Qxb7 Nc8 29. Nc6 h4 30. Nxd8 Kxd8 31. Qxc8+ Ke7 32. Qc7+ Kf8 33. Qxd6+ Ke8 34. a7 Nd7 35. Qxd7+ Kf8 36. Qd8# 1-0

[Event "CZE-ch U10 Girls"]
[Site "Kouty nad Desnou"]
[Date "2020.03.07"]
[Round "1"]
[White "Kubatova, Beta"]
[Black "Kozusnikova, Daniela"]
[Result "1-0"]
[WhiteElo "1094"]
[BlackElo "1365"]
[PlyCount "167"]
[EventDate "2020.03.07"]
[EventType "swiss"]
[EventRounds "7"]
[EventCountry "CZE"]
[SourceTitle "CBM 195 Extra"]
[Source "ChessBase"]
[SourceDate "2020.05.31"]
[SourceVersion "1"]
[SourceVersionDate "2020.05.31"]
[SourceQuality "1"]

1. e4 e5 2. Nf3 Nf6 3. Nxe5 d6 4. Nf3 Nxe4 5. d3 Nf6 6. Be2 d5 7. d4 Bd6 8. 0-0 Nc6 9. Bg5 h6 10. Bh4 0-0 11. Nc3 Be6 12. Re1 Re8 13. Qd3 Nb4 14. Qd2 c5 15. dxc5 Bxc5 16. a3 Nc6 17. Rad1 Bb6 18. b4 a6 19. Rb1 d4 20. Na4 Bc7 21. Nc5 b6 22. Nxe6 fxe6 23. Rbd1 e5 24. Bd3 Qd6 25. Bxf6 Qxf6 26. Be4 Rad8 27. Qd3 b5 28. Rc1 Bb6 29. Bxc6 Qxc6 30. Nxe5 Qd6 31. Qb3+ Re6 32. Nf3 Rde8 33. Rxe6 Qxe6 34. Re1 Qxb3 35. Rxe8+ Kf7 36. cxb3 Kxe8 37. Kf1 Kd7 38. Ke2 d3+ 39. Kxd3 Bxf2 40. h3 Kc6 41. g4 Bg3 42. Nd4+ Kb6 43. Nf5 Be5 44. Ne7 Bb2 45. a4 Bf6 46. Nd5+ Kc6 47. Nxf6 gxf6 48. Ke4 Kd6 49. h4 Ke6 50. axb5 axb5 51. h5 Kd6 52. Kf5 Ke7 53. Kg6 Ke6 54. Kxh6 Kf7 55. g5 fxg5 56. Kxg5 Kg7 57. h6+ Kh7 58. Kf5 Kxh6 59. Ke5 Kg6 60. Kd5 Kf6 61. Kc5 Ke6 62. Kxb5 Kd7 63. Kb6 Kc8 64. b5 Kd7 65. Kb7 Kd6 66. b6 Kd7 67. Ka7 Kc8 68. b7+ Kd7 69. b8Q Ke6 70. Qd8 Ke5 71. Qd7 Ke4 72. Qd6 Ke3 73. Qd5 Kf4 74. Kb6 Ke3 75. Kc5 Kf4 76. Qe6 Kf3 77. Qe5 Kg4 78. Kd4 Kf3 79. Qe4+ Kf2 80. Qe3+ Kg2 81. Ke4 Kf1 82. Qd2 Kg1 83. Kf3 Kh1 84. Qg2# 1-0